| 000 | 00926nam a2200313 a 4500 | ||
|---|---|---|---|
| 999 |
_c4178 _d4178 |
||
| 003 | UkOxU | ||
| 005 | 20220318095642.0 | ||
| 008 | 880808s1983 enka b 001 0 eng | ||
| 020 | _a0333194640 | ||
| 020 | _a0333308190 (pbk) | ||
| 040 | _cNAM | ||
| 050 |
_aQP361 _b.O874 1983 |
||
| 092 | _aD0400164160 | ||
| 092 | _a10077186 | ||
| 100 | 1 |
_aOttoson, David, _d1918- |
|
| 245 | 1 | 0 |
_aPhysiology of the nervous system / _cby David Ottoson. |
| 260 |
_aLondon : _bMacmillan, _c1983. |
||
| 300 |
_axiv, 527 p. : _bill. ; _c26 cm. |
||
| 500 | _aIncludes index. | ||
| 504 | _aBibliography: p. 505-519 | ||
| 650 | 0 | _aNeurophysiology. | |
| 942 |
_2lcc _cBK |
||